Differential manifolds

Salvato in:
Dettagli Bibliografici
Autore principale: Lang, Serge
Natura: Libro
Lingua:inglese
Pubblicazione: Reading Addison-Wesley 1972
Soggetti:
Tags: Aggiungi Tag
Nessun Tag, puoi essere il primo ad aggiungerne!!

MARC

LEADER 00000nam a2200000 a 4500
001 UCP1582
003 CL-VaPUC
008 990416e19720000US |||||||||||||||||eng|d
082 0 4 |a 515.35  |b LAN  |2 21 
100 |a Lang, Serge  |9 719911 
245 1 0 |a Differential manifolds 
300 |a 230 p 
942 |c BK 
945 |d 19990416 00:00:00  |a crobeson 
260 |a Reading  |b Addison-Wesley  |c 1972 
650 0 |a Cálculo diferencial   |9 260102 
650 0 |a Vectores  |9 317184 
650 0 |a Ecuaciones diferenciales  |9 260083 
650 7 |a TEOREMA DE FROBENIUS  |2 CL-VaPUC  |9 427710 
650 7 |a MULTIFORMES  |2 CL-VaPUC  |9 424011 
583 |a last modification  |c 19990416 00:00:00  |k Rodrigo Vera 
999 |c 280249  |d 280247 
952 |0 0  |1 0  |4 0  |6 515_350000000000000_LAN_1972  |7 0  |8 A  |9 320493  |a BIBMAT  |b BIBMAT  |d 2019-11-20  |i 1343076  |o 515.35 LAN 1972  |p 1343076  |r 2025-01-07  |w 2019-11-20  |y BK  |k MAT 
952 |0 0  |1 0  |4 0  |6 515_350000000000000_LAN_1972  |7 0  |8 A  |9 320494  |a BIBMAT  |b BIBMAT  |d 2019-11-20  |i 1343084  |o 515.35 LAN 1972  |p 1343084  |r 2025-01-07  |w 2019-11-20  |y BK  |k MAT